000 01543naa a22003017a 4500
001 BR8601853
003 BR-BrBNA
005 20250721154507.0
007 ta
008 250630b bl.|||m| |||| 00| 0 por d
040 _aBR-BrBNA
_bpor
_cBiblioteca Nacional de Agricultura
041 _a(Pt)
072 _aF70
_b2140
_bG514
090 _aF70 BR8601853
100 1 _aOliveira, Y.M.M. de
100 1 _aRotta, E.
111 1 _a10. Seminario sobre Atualidades e Perspectivas Florestais: Silvicultura da Erva-Mate (Ilex paraguariensis St. Hil.)
_cCuritiba, PR (Brazil)
_d28-30 Nov 1983
245 1 _aArea de distribuicao natural de erva-mate (Ilex paraguariensis St. Hil.)
246 1 _a[Natural distribution area of mate plant (Ilex paraguariensis St. Hil.)]
246 1 _a[Annals of the 10. Seminar on Forest News and Perspectives: Silviculture of Mate Plant (Ilex paraguariensis St. Hil.)]
500 _aAnais do 10. Seminario sobre Atualidades e Perspectivas Florestais: Silvicultura da Erva-Mate (Ilex paraguariensis St. Hil.) Curitiba, PR (Brasil): 1985. p. 17-36 [10 illus.; Summary (Pt)] (BR8601853-AMS)
773 0 _tAnais do 10. Seminario sobre Atualidades e Perspectivas Florestais: Silvicultura da Erva-Mate (Ilex paraguariensis St. Hil.)
_wF70 BR8601853
_gCuritiba, PR (Brasil), 1985. p. 17-36
650 _aMATE
650 _aDISTRIBUICAO GEOGRAFICA
490 _aDocumentos - Centro Nacional de Pesquisa de Florestas (Brazil)
_vno. 15
_xISSN 0101-7691
942 _cAMS
_2AGRIS
909 _a202506
_bLúcia
_c55
_dLúcia Elande
999 _c335139
_d335139